| 000 | 00381nam a2200157Ia 4500 | ||
|---|---|---|---|
| 008 | 221030s9999 xx 000 0 und d | ||
| 020 | _a9380016450 | ||
| 041 | _aEnglish | ||
| 082 | _a105.23 | ||
| 100 | _aS. Singh | ||
| 245 | 2 |
_aA Text Book of Control Systems Engineering _cby S. Singh |
|
| 260 |
_bKhanna Pub. _aNew Delhi _c2010 |
||
| 300 | _a667 | ||
| 650 | _aEE | ||
| 942 | _cBK | ||
| 999 |
_c9640 _d9640 |
||